Fisheries and botany of Eastern India / (Record no. 133491)
[ view plain ]
| 000 -LEADER | |
|---|---|
| fixed length control field | 00896cam2a220024100 4500 |
| 001 - CONTROL NUMBER | |
| control field | qce00014381 |
| 005 - DATE AND TIME OF LATEST TRANSACTION | |
| control field | 20190822114851.0 |
| 008 - FIXED-LENGTH DATA ELEMENTS--GENERAL INFORMATION | |
| fixed length control field | 770627r19761877ii b 000 0 eng d |
| 035 ## - SYSTEM CONTROL NUMBER | |
| System control number | (Sirsi) r94815 |
| 035 ## - SYSTEM CONTROL NUMBER | |
| System control number | (QCAT)lss01636251 |
| 035 ## - SYSTEM CONTROL NUMBER | |
| System control number | (UPRA)qce00014381 |
| 040 ## - CATALOGING SOURCE | |
| Modifying agency | UPRA |
| 070 ## - NATIONAL AGRICULTURAL LIBRARY CALL NUMBER | |
| Classification number | SH299.F5 |
| 245 00 - TITLE STATEMENT | |
| Title | Fisheries and botany of Eastern India / |
| Statement of responsibility, etc. | Francis Day ... [et al.]. |
| 260 ## - PUBLICATION, DISTRIBUTION, ETC. | |
| Place of publication, distribution, etc. | Delhi : |
| Name of publisher, distributor, etc. | Concept Publ. Co., |
| Date of publication, distribution, etc. | 1976. |
| 500 ## - GENERAL NOTE | |
| General note | Originally published in 1877 as part of A statistical account of Bengal, vol. 20 / by W.W. Hunter. |
| 504 ## - BIBLIOGRAPHY, ETC. NOTE | |
| Bibliography, etc. note | Includes bibliographical references. |
| 650 #0 - SUBJECT ADDED ENTRY--TOPICAL TERM | |
| Topical term or geographic name entry element | Fisheries -- India. |
| Geographic subdivision | Fisheries -- India. |
| Linkage | S10707.1 |
| 650 #0 - SUBJECT ADDED ENTRY--TOPICAL TERM | |
| Topical term or geographic name entry element | Botany -- India. |
| Geographic subdivision | Botany -- India. |
| Linkage | S9186.1 |
| 700 1# - ADDED ENTRY--PERSONAL NAME | |
| Personal name | Day, Francis, 1829-1889. |
| Dates associated with a name | Day, Francis, 1829-1889. |
| Linkage | A53460.1 |
| 949 ## - LOCAL PROCESSING INFORMATION (OCLC) | |
| a | QL634 |
| w | lcc |
| i | -133766 |
| m | MAIN |
| p | 1000 |
| t | BOOK |
| l | ON-SHELF |
No items available.